000 00192nam a2200085 4500
001 1258895
005 20260402100638.0
245 _aANANAS KOKULU MASALLAR
_cKOMİSYON
260 _bYAKAMOZ YAYINLARI
999 _c1258895
_d1258895